000 00707nam a2200217 u 4500
005 20220916063537.0
008 150126s2007 r 000 0 eng d
020 _a9781404826823 (13 dígitos)
020 _a1404826823 (10 dígitos)
035 _aUPN01000201456
049 _aI
050 4 _aPZ10.3
_bD3.2
100 1 _aDahl, Michael
_933703
245 1 0 _aCampamento de ranas /
_cMichael Dahl ; il. de Sara Schultz ; tr. de Clara Lozano.
260 _aMinnesota, USA :
_bPicture Window Books,
_c2007.
300 _a32 p. :
_bil.
440 0 _aRead-it Readers.
_pNivel azul
650 0 _aAnimales
_vCuentos y leyendas
_9234
650 7 _aLiteratura infantil estadounidense
_2
_99173
905 _aInfantil
999 _c173557
_d173557